| 000 | 00560nam a2200217Ia 4500 | ||
|---|---|---|---|
| 008 | 160319s9999 xx 000 0 und d | ||
| 020 | _a0-590491261 | ||
| 050 | _a418.4 | ||
| 050 | _b.L775n 1996 | ||
| 245 | _aNature guides / | ||
| 260 | _aNew York : | ||
| 260 | _bScholastic Inc., | ||
| 260 | _c1996 | ||
| 300 | _a128 pages ; | ||
| 300 | _billustrations, color ; | ||
| 300 | _c30 cm. | ||
| 440 | _a Scholastic literacy place. | ||
| 650 | _aGonzales-Vest, Veronica. | ||
| 650 | _aLanguage arts (Elementary). | ||
| 650 | _aReading (Elementary). | ||
| 999 |
_c291987 _d291987 |
||